Entry Personal Name
Number of records used in: 1
001 - CONTROL NUMBER
003 - CONTROL NUMBER IDENTIFIER
005 - DATE AND TIME OF LATEST TRANSACTION
- control field:
20230908123032.0
008 - FIXED-LENGTH DATA ELEMENTS
- fixed length control field:
850827n| azannaabn |n aaa
010 ## - LIBRARY OF CONGRESS CONTROL NUMBER
- LC control number:
n 85176375
035 ## - SYSTEM CONTROL NUMBER
- System control number:
(OCoLC)oca01416806
040 ## - CATALOGING SOURCE
- Original cataloging agency:
DLC
- Language of cataloging:
eng
- Description conventions:
rda
- Transcribing agency:
DLC
- Modifying agency:
DNLM
- Modifying agency:
NcU
046 ## - SPECIAL CODED DATES
100 1# - HEADING--PERSONAL NAME
- Personal name:
Levy, Mark R.
370 ## - ASSOCIATED PLACE
- Associated country:
United States
- Source of term:
naf
373 ## - ASSOCIATED GROUP
- Associated group:
Michigan State University
- Source of term:
naf
375 ## - GENDER
377 ## - ASSOCIATED LANGUAGE
670 ## - SOURCE DATA FOUND
- Source citation:
Robinson, J.P. The main source, c1986:
- Information found:
CIP t.p. (Mark R. Levy)
670 ## - SOURCE DATA FOUND
- Source citation:
LC data base, 8-22-85
- Information found:
(hdg.: Levy, Mark R.)
670 ## - SOURCE DATA FOUND
- Source citation:
The chronicle of higher education, Feb. 27, 2015:
- Information found:
page A27 (Mark Levy; d. Feb. 7, 2015; professor in the College of Communication Arts and Sciences at Michigan State University)